<?xml version="1.0" encoding="UTF-8"?>
<record
    xmlns:xsi="http://www.w3.org/2001/XMLSchema-instance"
    xsi:schemaLocation="http://www.loc.gov/MARC21/slim http://www.loc.gov/standards/marcxml/schema/MARC21slim.xsd"
    xmlns="http://www.loc.gov/MARC21/slim">

  <leader>01884nam a2200313Ia 4500</leader>
  <controlfield tag="003">OSt</controlfield>
  <controlfield tag="005">20241011103137.0</controlfield>
  <controlfield tag="008">201007s9999||||xx |||||||||||||| ||und||</controlfield>
  <datafield tag="020" ind1=" " ind2=" ">
    <subfield code="a">7214048140</subfield>
  </datafield>
  <datafield tag="020" ind1=" " ind2=" ">
    <subfield code="a">9787214048141</subfield>
  </datafield>
  <datafield tag="040" ind1=" " ind2=" ">
    <subfield code="c">0</subfield>
  </datafield>
  <datafield tag="041" ind1=" " ind2=" ">
    <subfield code="a">chi</subfield>
    <subfield code="h">eng</subfield>
  </datafield>
  <datafield tag="050" ind1=" " ind2=" ">
    <subfield code="a">DS777.518 </subfield>
    <subfield code="b">.E1712 2017</subfield>
  </datafield>
  <datafield tag="100" ind1=" " ind2=" ">
    <subfield code="a">Eastman, Lloyd E.</subfield>
  </datafield>
  <datafield tag="245" ind1=" " ind2="0">
    <subfield code="a">&#x6BC0;&#x706D;&#x7684;&#x79CD;&#x5B50;: </subfield>
    <subfield code="b">&#x6218;&#x4E89;&#x4E0E;&#x9769;&#x547D;&#x4E2D;&#x7684;&#x56FD;&#x6C11;&#x515A;&#x4E2D;&#x56FD; (1937-1949) = Seeds of destruction : Nationalist China in War and Revolution, 1937-1949 /</subfield>
    <subfield code="c">&#x6613;&#x52B3;&#x9038; (Lloyd E.Eastman) &#x8457;; &#x738B;&#x5EFA;&#x6717;, &#x738B;&#x8D24;&#x77E5;, &#x8D3E;&#x7EF4;&#x8BD1;</subfield>
  </datafield>
  <datafield tag="246" ind1=" " ind2=" ">
    <subfield code="a">&#x6BC0;&#x6EC5;&#x7684;&#x7A2E;&#x5B50; : </subfield>
    <subfield code="b">&#x6230;&#x722D;&#x8207;&#x9769;&#x547D;&#x4E2D;&#x7684;&#x570B;&#x6C11;&#x9EE8;&#x4E2D;&#x570B; (1937-1949)/</subfield>
  </datafield>
  <datafield tag="260" ind1=" " ind2=" ">
    <subfield code="a">&#x5357;&#x4EAC; : </subfield>
    <subfield code="b">&#x6C5F;&#x82CF;&#x4EBA;&#x6C11;&#x51FA;&#x7248;&#x793E;,</subfield>
    <subfield code="c">2017, c2009</subfield>
  </datafield>
  <datafield tag="300" ind1=" " ind2=" ">
    <subfield code="a">2, 7, 262 p.</subfield>
    <subfield code="b">;</subfield>
    <subfield code="c">23 cm.</subfield>
  </datafield>
  <datafield tag="490" ind1=" " ind2=" ">
    <subfield code="a">&#x6D77;&#x5916;&#x4E2D;&#x56FD;&#x7814;&#x7A76;&#x300B;&#x4E1B;&#x4E66;</subfield>
  </datafield>
  <datafield tag="500" ind1=" " ind2=" ">
    <subfield code="a">Translation of:Seeds of destruction : Nationalist China in War and Revolution, 1937-1949</subfield>
  </datafield>
  <datafield tag="505" ind1=" " ind2=" ">
    <subfield code="a">&#x300A;&#x6BC1;&#x706D;&#x7684;&#x79CD;&#x5B50;:&#x6218;&#x4E89;&#x4E0E;&#x9769;&#x547D;&#x4E2D;&#x7684;&#x56FD;&#x6C11;&#x515A;&#x4E2D;&#x56FD;(1937-1949)&#x300B;&#x5185;&#x5BB9;&#x7B80;&#x4ECB;&#xFF1A;&#x56FD;&#x6C11;&#x515A;&#x4F55;&#x4EE5;&#x5931;&#x8D25;&#xFF1F;&#x8FD9;&#x662F;1949&#x5E74;&#x56FD;&#x6C11;&#x515A;&#x653F;&#x6743;&#x57AE;&#x53F0;&#x540E;&#xFF0C;&#x4E00;&#x4E2A;&#x5728;&#x56FD;&#x9645;&#x53F2;&#x5B66;&#x754C;&#x957F;&#x671F;&#x4E89;&#x8BBA;&#x4E0D;&#x4F11;&#x7684;&#x95EE;&#x9898;&#xFF0C;&#x4E5F;&#x662F;&#x73B0;&#x4EE3;&#x4E2D;&#x56FD;&#x53D1;&#x5C55;&#x4E2D;&#x4E00;&#x4E2A;&#x975E;&#x5E38;&#x503C;&#x5F97;&#x53CD;&#x601D;&#x7684;&#x95EE;&#x9898;&#x3002;&#x6613;&#x52B3;&#x9038;&#x6559;&#x6388;&#x901A;&#x8FC7;&#x56FD;&#x6C11;&#x515A;&#x81EA;&#x8EAB;&#x7684;&#x5404;&#x79CD;&#x6750;&#x6599;&#xFF0C;&#x8FD0;&#x7528;&#x5730;&#x8D28;&#x5B66;&#x5BB6;&#x7814;&#x7A76;&#x5730;&#x7403;&#x5F62;&#x6210;&#x7684;&#x65B9;&#x6CD5;&#xFF0C;&#x6458;&#x53D6;&#x82E5;&#x5E72;&#x5178;&#x578B;&#x4E8B;&#x4F8B;&#xFF0C;&#x7CBE;&#x8F9F;&#x5206;&#x6790;&#x4E86;&#x5176;&#x4E2D;&#x7684;&#x539F;&#x56E0;&#x3002;&#x4F5C;&#x8005;&#x8BA4;&#x4E3A;&#xFF0C;&#x56FD;&#x6C11;&#x515A;&#x7684;&#x5931;&#x8D25;&#xFF0C;&#x4E0D;&#x662F;&#x56E0;&#x4E3A;&#x7F3A;&#x4E4F;&#x7F8E;&#x63F4;&#xFF0C;&#x800C;&#x662F;&#x7531;&#x4E8E;&#x5176;&#x81EA;&#x8EAB;&#x7684;&#x5F0A;&#x75C5;&#x548C;&#x5206;&#x88C2;&#xFF0C;&#x8BF8;&#x5982;&#x8150;&#x8D25;&#x65E0;&#x80FD;&#x3001;&#x7EAA;&#x5F8B;&#x5E9F;&#x5F1B;&#x7B49;&#x7B49;&#x3002;

&#x5173;&#x4E8E;&#x8FD9;&#x672C;&#x4E66;&#x7684;&#x4EF7;&#x503C;&#x3002;&#x53EF;&#x4EE5;&#x7528;&#x96F7;&#x5229;&#xB7;&#x6851;&#x5FB7;&#x5170;&#x7684;&#x4E00;&#x53E5;&#x8BDD;&#x6765;&#x6982;&#x62EC;&#xFF1A;&#x201C;&#x5BF9;&#x56FD;&#x6C11;&#x515A;&#x5931;&#x8D25;&#x8FD9;&#x4E00;&#x95EE;&#x9898;&#x7684;&#x65B0;&#x8FD1;&#x7814;&#x7A76;&#x4F1A;&#x7531;&#x300A;&#x6BC1;&#x706D;&#x7684;&#x79CD;&#x5B50;&#x300B;&#x800C;&#x5F97;&#x4EE5;&#x5F00;&#x62D3;&#x3002;&#x201D;</subfield>
  </datafield>
  <datafield tag="650" ind1=" " ind2=" ">
    <subfield code="a">China--History--1937-1945.&#xA0;</subfield>
  </datafield>
  <datafield tag="650" ind1=" " ind2=" ">
    <subfield code="a">China--History--Civil War, 1945-1949.&#xA0;</subfield>
  </datafield>
  <datafield tag="700" ind1=" " ind2=" ">
    <subfield code="a">&#x6613;&#x52B3;&#x9038;</subfield>
  </datafield>
  <datafield tag="700" ind1=" " ind2=" ">
    <subfield code="a">&#x738B;&#x5EFA;&#x6717;</subfield>
  </datafield>
  <datafield tag="700" ind1=" " ind2=" ">
    <subfield code="a">&#x738B;&#x8D24;&#x77E5;</subfield>
  </datafield>
  <datafield tag="700" ind1=" " ind2=" ">
    <subfield code="a">&#x8D3E;&#x7EF4;</subfield>
  </datafield>
  <datafield tag="942" ind1=" " ind2=" ">
    <subfield code="2">ddc</subfield>
    <subfield code="c">CB</subfield>
  </datafield>
  <datafield tag="952" ind1=" " ind2=" ">
    <subfield code="0">0</subfield>
    <subfield code="1">0</subfield>
    <subfield code="2">LCC</subfield>
    <subfield code="4">0</subfield>
    <subfield code="7">0</subfield>
    <subfield code="a">GETS</subfield>
    <subfield code="b">GETS</subfield>
    <subfield code="c">GEN</subfield>
    <subfield code="d">2020-07-09</subfield>
    <subfield code="l">0</subfield>
    <subfield code="o">DS777.518 .E2712 2009 &#xA0;</subfield>
    <subfield code="p">00000078</subfield>
    <subfield code="r">2020-07-09 00:00:00</subfield>
    <subfield code="w">2020-07-09</subfield>
    <subfield code="y">CB</subfield>
  </datafield>
  <datafield tag="952" ind1=" " ind2=" ">
    <subfield code="0">0</subfield>
    <subfield code="1">0</subfield>
    <subfield code="2">LCC</subfield>
    <subfield code="4">0</subfield>
    <subfield code="7">0</subfield>
    <subfield code="a">GETS</subfield>
    <subfield code="b">GETS</subfield>
    <subfield code="c">GEN</subfield>
    <subfield code="d">2020-10-07</subfield>
    <subfield code="l">0</subfield>
    <subfield code="o">DS777.518 .E1712 2009</subfield>
    <subfield code="p">00017570</subfield>
    <subfield code="r">2020-10-07 00:00:00</subfield>
    <subfield code="t">C.2</subfield>
    <subfield code="w">2020-10-07</subfield>
    <subfield code="y">CB</subfield>
  </datafield>
  <datafield tag="999" ind1=" " ind2=" ">
    <subfield code="c">78</subfield>
    <subfield code="d">78</subfield>
  </datafield>
</record>
